La vida y la muerte / (Record no. 51925)

MARC details
000 -LEADER
campo de control de longitud fija 00603nam a2200193 i 4500
001 - NÚMERO DE CONTROL
campo de control 51925
003 - IDENTIFICADOR DE NÚMERO DE CONTROL
campo de control ES-MaACL
005 - FECHA Y HORA DE LA ÚLTIMA TRANSACCIÓN
campo de control 20260217063011.0
007 - CAMPO FIJO DE DESCRIPCIÓN FÍSICA--INFORMACIÓN GENERAL
campo de control de longitud fija t|
008 - DATOS DE LONGITUD FIJA--INFORMACIÓN GENERAL
campo de control de longitud fija 030821s1906 sp ||||1| spa d
100 1# - ENTRADA PRINCIPAL--NOMBRE DE PERSONA
Nombre de persona Dastre, Albert,
Fechas asociadas al nombre 1844-1917
9 (RLIN) 126702
245 13 - MENCIÓN DEL TÍTULO
Título La vida y la muerte /
Mención de responsabilidad, etc. A. Dastre ; versión de José González Llana.
260 ## - PUBLICACIÓN, DISTRIBUCIÓN, ETC.
Lugar de publicación, distribución, etc. Madrid :
Nombre del editor, distribuidor, etc. Librería Gutenbert,
Fecha de publicación, distribución, etc. 1906 (
Fabricante Jaime Ratés)
300 ## - DESCRIPCIÓN FÍSICA
Extensión 335 p. ;
Dimensiones 19 cm.
650 #7 - PUNTO DE ACCESO ADICIONAL DE MATERIA--TÉRMINO DE MATERIA
Término de materia o nombre geográfico como elemento de entrada Vida (Biología)
Fuente del encabezamiento o término embne
9 (RLIN) 136981
700 1# - ENTRADA AGREGADA--NOMBRE PERSONAL
Nombre de persona González Llana, José.
9 (RLIN) 58756
852 ## - LOCALIZACIÓN
Ubicación ES-MaACL
Número de control de estantería F-6169
Holdings
Estatus retirado Estado de pérdida Estado de daño No para préstamo Biblioteca de origen Biblioteca actual Ubicación en estantería Fecha de adquisición Fuente de adquisición Total de préstamos Signatura topográfica completa Código de barras Visto por última vez Precio de reemplazo Tipo de ítem Koha
        Biblioteca del Ateneo de Madrid Biblioteca del Ateneo de Madrid Depósito 2 17/01/2008     F-6169 1054595 23/02/2023 23/02/2023 Libro impreso